Suç korkusu : (Kayıt no. 10305)

MARC ayrıntıları
000 -BAŞLIK
Sabit Uzunluktaki Kontrol Alanı 00856nam a22002537a 4500
003 - KONTROL NUMARASI KİMLİĞİ
Kontrol Alanı KOHA_MİRAKIL
005 - EN SON İŞLEM TARİHİ ve ZAMANI
Kontrol Alanı 20260424093632.0
008 - SABİT UZUNLUKTAKİ VERİ ÖGELERİ - GENEL BİLGİ
Sabit Alan 260421b tu ||||| |||| 00| 0 tur d
020 ## - ISBN - ULUSLARARASI STANDART KİTAP NUMARASI
Isbn 9786059706544
040 ## - KATALOGLAMA KAYNAĞI
Özgün Kataloglama Kurumu TR-AnABB
Kataloglama Dili tur
Çeviri Kurumu TR-AnABB
041 ## - DİL KODU
Metin ya da ses kaydının dil kodu tur
082 ## - DEWEY ONU SINIFLAMA SİSTEMİ
Sınıflama Numarası 362.880 956
Cutter numarası SIP 2016
100 1# - KİŞİ ADI
Yazar Adı (Kişi adı) Sipahi, Esra Banu
245 10 - ESER ADI BİLDİRİMİ
Başlık Suç korkusu :
Alt Eseradı vb. Türkiye kentlerinde bir alan araştırması /
Sorumluluk Bildirimi Esra Banu Sipahi
260 ## - YAYIN, DAĞITIM, VB.
Yayın Yeri Konya :
Yayınevi Çizgi Kitabevi,
Yayın Tarihi 2016
300 ## - FİZİKSEL TANIMLAMA
Sayfa, Cilt vb. 189 sayfa ;
Boyutları 20 cm
490 0# - DİZİ BİLDİRİMİ
Dizi Bildirimi Çizgi kitabevi yayınevi ;
Cilt Numarası 664
504 ## - BİBLİYOGRAFİ NOTU
Bibliyografi Notu Kaynakça 169-176 sayfaları arasındadır
505 ## - İÇİNDEKİLER NOTU
İçindekiler Notu İçindekiler: Kent ve Suç Korkusu - Türkiye Kentlerinde Suç Korkusu
650 04 - KONU BAŞLIĞI EK GİRİŞ - KONU TERİMİ
Konusal terim veya coğrafi ad Sosyoloji, Kent, Türkiye
650 04 - KONU BAŞLIĞI EK GİRİŞ - KONU TERİMİ
Konusal terim veya coğrafi ad Sosyoloji
900 ## - YEREL BİLGİ
Kontrol Can ÇELIK
942 ## - EK GİRİŞ ÖGELERİ (KOHA)
Sınıflama Kaynağı Dewey Decimal Classification
Materyal Türü Kitap
Mevcut
Geri Çekilme Durumu Kayıp Durumu Sınıflandırma Kaynağı Kredi için değil Kalıcı Konum Mevcut Konum Kayıt Tarih Toplam Ödünçverme Yer Numarası Demirbaş Numarası Son Görülme Tarihi Fatura Tarihi Materyal Türü
    Dewey Decimal Classification   Prof. Dr. Ruşen Keleş Kütüphanesi Prof. Dr. Ruşen Keleş Kütüphanesi 21/04/2026   362.880 956 SIP 2016 RK7212 21/04/2026 21/04/2026 Kitap